| 000 | 00571nam a22002057a 4500 | ||
|---|---|---|---|
| 003 | LK-CoMWRAF | ||
| 005 | 20231215091421.0 | ||
| 008 | 230924b2008 |||||||| |||| 00| 0 eng d | ||
| 020 | _a9789551954000 | ||
| 040 |
_aLK-CoMWRAF _dLK-CoMWRAF _eLK-CoMWRAF |
||
| 041 | _aeng | ||
| 082 |
_a923 _bCOR |
||
| 100 | _aCorea, Gamani | ||
| 245 | _aMy memoirs | ||
| 260 |
_a[Ratmalana] : _bGamani Corea Foundation, _c[2008?] |
||
| 300 | _axii, 483 p. : ill. ; 22 cm. | ||
| 650 | _aECONOMISTS-Sri Lanka--Biography | ||
| 650 | _aCivil service--Sri Lanka--Biography | ||
| 942 | _cBK | ||
| 999 |
_c3642 _d3642 |
||